Top Clubes de la UEFA - 2025 - Estadísticas

Estadísticas generales
  • Esta prueba ha sido intentada 57 veces
  • La puntuación promedio es 36 de 63
Estadísticas de respuestas
Hint Liga Respuesta % Correcto
2. La Liga Real Madrid C.F.
100%
10. La Liga Atlético de Madrid
98%
6. Bundesliga Borussia Dortmund
98%
7. Serie A FC Internazionale Milan
98%
1. Premier League Manchester City
98%
4. Ligue 1 Paris Saint-German
98%
17. Serie A AC Milan
96%
12. La Liga FC Barcelona
96%
3. Bundesliga FC Bayern München
96%
5. Premier League Chelsea FC
94%
9. Primeira Liga FC Porto
94%
14. Serie A Juventus FC
94%
8. Premier League Liverpool
94%
27. Premier League Arsenal
90%
21. Premier League Manchester United
88%
13. Primeira Liga SL Benfica
88%
19. Eredivisie Ajax
86%
16. La Liga Sevilla
86%
15. Serie A Nápoles
84%
25. Primeira Liga Sporting de Lisboa
78%
26. La Liga Villarreal
78%
31. Eredivisie PSV Eindhoven
76%
30. Premier League Tottenham Hotspur
75%
45. Bundesliga Bayer Leverkusen
71%
37. Scottish Premiership Celtic FC
71%
36. Ligue 1 Olympique de Marsella
71%
11. Bundesliga RB Leipzig
71%
62. Scottish Premiership Glasgow Rangers FC
65%
20. Serie A Lazio
65%
29. La Liga Real Sociedad
65%
23. Jupiler Pro League Club Brujas
63%
42. Eredivisie Feyenoord
63%
24. Serie A Atalanta
61%
44. SüperLig Galatasaray
61%
43. Premier League Newcastle United
55%
38. Russian Premier League Zenit San Petersburgo
55%
35. Superliga Suiza Young Boys
51%
33. Bundesliga Eintracht Frankfurt
49%
63. SüperLig Besiktas JK
45%
34. Bundesliga Borussia Mönchengladbach
43%
32. Ligue 1 Lille OSC
43%
57. Superliga Srbije Estrella Roja de Belgrado
39%
54. Super League Grecia Olympiakos FC
37%
41. Liga de Moldavia Sheriff Tiraspol
31%
59. Ligue 1 Stade Rennais FC
27%
46. Bundesliga Wolfsburgo
25%
39. Premjer-Liha Dinamo de Kiev
24%
49. HNL Dinamo de Zagreb
24%
40. Ligue 1 Racing Club de Lens
22%
52. Bundesliga Unión Berlín
22%
28. Superliga FC Copenhague
20%
18. Bundesliga FC Salzburg
20%
58. Allsvenskan Malmö FF
20%
22. Premjer-Liha Shaktar Donetsk
18%
51. Jupiler Pro League Antwerp FC
14%
50. Russian Premier League Lokomotiv Moscú
14%
61. Chance Liga Viktoria Plzen
12%
47. Russian Premier League FC Krasnodar
10%
60. OtpBank Liga Ferencvaros Torna Club
10%
48. Primeira Liga Sporting Braga
10%
55. SüperLig Istanbul Başakşehir FK
8%
53. Ligat ha'Al Maccabi Haifa
6%
56. Superliga Midtjylland
0%
No se encontraron pruebas coincidentes
Distribución de puntuación
Porcentaje de gente con cada puntuación
Porcentaje por número respondido
Historial de tus puntuaciones
No has intentado esta prueba.